[Event "South Island Championships"]
[Site "Dunedin NZL"]
[Date "2012.10.13"]
[Round "8.3"]
[White "Dowden, R. Anthony"]
[Black "Chan, Peng Kong"]
[Result "1/2-1/2"]
[WhiteElo "2107"]
[BlackElo "2245"]
[PlyCount "57"]
[EventDate "2012.10.14"]

1. c4 e6 2. g3 d5 3. Bg2 Nf6 4. Nf3 Be7 5. b3 O-O 6. Bb2 c6 7. O-O Nbd7 8. Nc3
b6 9. d3 Bb7 10. e3 Rb8 11. Re1 c5 12. cxd5 Nxd5 13. Nxd5 Bxd5 14. Rc1 Bf6 15.
Bxf6 Nxf6 16. d4 Bxf3 17. Bxf3 cxd4 18. Qxd4 Qxd4 19. exd4 Rfc8 20. Red1 Kf8
21. Rxc8+ Rxc8 22. d5 exd5 23. Bxd5 Rc2 24. a4 Rb2 25. Bc4 Ng4 26. Rd7 Ne5 27.
Rxa7 Nxc4 28. bxc4 Rb4 29. Rb7 1/2-1/2

[Event "South Island Championships"]
[Site "Dunedin NZL"]
[Date "2012.10.13"]
[Round "8.5"]
[White "Duffield, Terence"]
[Black "Lukey, Stephen G"]
[Result "0-1"]
[WhiteElo "1668"]
[BlackElo "2236"]
[PlyCount "68"]
[EventDate "2012.10.14"]

1. e4 e6 2. d3 c5 3. Nf3 Nc6 4. g3 g6 5. Bg2 Nge7 6. O-O Bg7 7. c3 O-O 8. Nbd2
e5 9. Qc2 d6 10. Re1 h6 11. Nc4 Be6 12. Ne3 Qd7 13. Bd2 Bh3 14. Bh1 f5 15. Nh4
f4 16. Nf1 g5 17. Ng2 Rf7 18. gxf4 gxf4 19. f3 Bf6 20. Re2 Rg7 21. Be1 Kh8 22.
Rd1 Rag8 23. Rdd2 Qe8 24. Ng3 fxg3 25. Bxg3 Bg5 26. Rd1 Qh5 27. Kf2 Bxg2 28.
Bxg2 Bf4 29. Rh1 Qg5 30. Kf1 Kh7 31. Be1 Qh5 32. Bg3 Ng6 33. Bxf4 Nxf4 34. Rf2
Nxg2 0-1

[Event "South Island Championships"]
[Site "Dunedin NZL"]
[Date "2012.10.13"]
[Round "8.6"]
[White "Milligan, Helen"]
[Black "Rains, Edward"]
[Result "1-0"]
[WhiteElo "1969"]
[BlackElo "1881"]
[PlyCount "107"]
[EventDate "2012.10.14"]

1. e4 c5 2. Nf3 g6 3. c4 Bg7 4. d4 cxd4 5. Nxd4 Nc6 6. Be3 d6 7. Be2 Nf6 8. Nc3
O-O 9. O-O a6 10. Qd2 Nxd4 11. Bxd4 Qa5 12. Rfd1 Re8 13. Bxf6 Bxf6 14. Nd5 Qxd2
15. Rxd2 Rb8 16. Nxf6+ exf6 17. Rxd6 Rxe4 18. Rd8+ Kg7 19. Bf1 Re7 20. g3 Rc7
21. b4 b5 22. c5 Rbb7 23. Re1 Be6 24. a3 Rc8 25. Red1 Rxd8 26. Rxd8 Rd7 27.
Rxd7 Bxd7 28. Bg2 Bc8 29. Kf1 f5 30. f4 f6 31. Kf2 Kf7 32. Ke3 g5 33. Kd4 Ke6
34. Ba8 h6 35. h4 Ke7 36. Kd5 Kd7 37. c6+ Kc7 38. Bb7 Bxb7 39. cxb7 Kxb7 40.
Ke6 a5 41. Kxf6 axb4 42. axb4 Kc6 43. fxg5 hxg5 44. hxg5 Kd5 45. g6 Kc4 46. g7
Kxb4 47. g8=Q Ka3 48. Kxf5 b4 49. Qa8+ Kb2 50. Ke4 b3 51. Kd3 Kb1 52. Kc3 b2
53. Qb7 Ka2 54. Qxb2# 1-0

[Event "South Island Championships"]
[Site "Dunedin NZL"]
[Date "2012.10.13"]
[Round "8.7"]
[White "Johnson, Quentin J F"]
[Black "Lyall, Simon"]
[Result "1-0"]
[WhiteElo "2102"]
[BlackElo "1777"]
[PlyCount "99"]
[EventDate "2012.10.14"]

1. d4 d5 2. c4 c6 3. Nf3 Nf6 4. Nc3 dxc4 5. a4 Bf5 6. e3 e6 7. Bxc4 Bb4 8. O-O
O-O 9. Qe2 Nbd7 10. Rd1 Qc7 11. h3 a5 12. Nh4 Bg6 13. Nxg6 hxg6 14. e4 Rad8 15.
Bg5 Rc8 16. Rac1 Nb6 17. Bb3 Qb8 18. Qf3 Nbd7 19. Bf4 Qa7 20. Rd3 Rfe8 21. Be3
Qa6 22. Rdd1 Rf8 23. Na2 Be7 24. Rc2 Rfe8 25. Nc1 Bb4 26. Nd3 Be7 27. Nf4 Bb4
28. g4 Kh7 29. Nd3 Be7 30. g5 Nh5 31. Qxf7 Nf8 32. Ne5 Bd6 33. Ng4 Re7 34. Qf3
Qb6 35. Bc4 Qc7 36. e5 Bb4 37. Bd3 Rf7 38. Nf6+ Kh8 39. Bxg6 gxf6 40. Qxh5+ Rh7
41. Bxh7 Qxh7 42. Qxh7+ Kxh7 43. gxf6 Nd7 44. Kh2 Rg8 45. Rg1 Rxg1 46. Kxg1 Nb6
47. b3 Nd5 48. Bd2 Kg6 49. Bxb4 Nxb4 50. Rc3 1-0

[Event "South Island Championships"]
[Site "Dunedin NZL"]
[Date "2012.10.13"]
[Round "8.8"]
[White "Aimers, Geoffrey"]
[Black "Jackson, L. Ross"]
[Result "1/2-1/2"]
[WhiteElo "1876"]
[BlackElo "1974"]
[PlyCount "88"]
[EventDate "2012.10.14"]

1. e4 c5 2. Nf3 d6 3. d4 cxd4 4. Nxd4 Nf6 5. Nc3 a6 6. Be2 e5 7. Nb3 Be6 8. Bg5
Nbd7 9. O-O Qc7 10. Kh1 h6 11. Be3 Rc8 12. Rc1 Be7 13. f4 exf4 14. Bxf4 Ne5 15.
Nd4 Qd7 16. Bxe5 dxe5 17. Nxe6 Qxe6 18. Bf3 O-O 19. Nd5 Rcd8 20. c4 Bc5 21. Qe2
Qd6 22. Rcd1 Bd4 23. Rxd4 exd4 24. e5 Rfe8 25. exd6 Rxe2 26. Bxe2 Nxd5 27. cxd5
Rxd6 28. Bf3 Rb6 29. b3 a5 30. Rd1 a4 31. Rxd4 axb3 32. axb3 Rxb3 33. Rd1 Kf8
34. d6 Ke8 35. Bg4 g6 36. Bc8 Kd8 37. d7 Rb6 38. Rf1 Rd6 39. Bxb7 Rxd7 40. Bf3
Re7 41. h3 Ke8 42. Bd5 Kf8 43. g4 Kg7 44. h4 f6 1/2-1/2

[Event "South Island Championships"]
[Site "Dunedin NZL"]
[Date "2012.10.13"]
[Round "8.9"]
[White "Black, Ross"]
[Black "Dolejs, Dan"]
[Result "1-0"]
[WhiteElo "1821"]
[BlackElo "1878"]
[PlyCount "95"]
[EventDate "2012.10.14"]

1. e4 d5 2. exd5 Nf6 3. Nf3 Nxd5 4. d4 Bf5 5. c3 e6 6. Bd3 Bg6 7. Ne5 Bd6 8.
Nxg6 hxg6 9. h3 g5 10. g3 Nd7 11. Nd2 f5 12. Qe2 Qf6 13. Nc4 O-O-O 14. Bd2 e5
15. dxe5 Bxe5 16. O-O-O f4 17. Qf3 c6 18. g4 g6 19. Qe4 Nc5 20. Qf3 Nxd3+ 21.
Qxd3 Nxc3 22. Bxc3 Rxd3 23. Bxe5 Rxd1+ 24. Rxd1 Qf8 25. Nd6+ Kc7 26. Nc4+ Kc8
27. Nd6+ Kb8 28. Nb5+ Ka8 29. Nc7+ Kb8 30. Ne6+ Kc8 31. Nxf8 Rxf8 32. Rd6 Rg8
33. Kd2 c5 34. Kc3 b6 35. Bf6 Kc7 36. Rd3 Rf8 37. Bxg5 f3 38. h4 Kc6 39. Re3
Kd5 40. Re7 a5 41. a4 b5 42. axb5 Rb8 43. Rg7 Rb6 44. Be3 a4 45. h5 Rxb5 46.
Rf7 gxh5 47. gxh5 c4 48. Rf5+ 1-0

[Event "South Island Championships"]
[Site "Dunedin NZL"]
[Date "2012.10.13"]
[Round "8.10"]
[White "Gloistein, Bruce"]
[Black "Brockway, Andrew"]
[Result "1/2-1/2"]
[WhiteElo "1690"]
[BlackElo "1798"]
[PlyCount "71"]
[EventDate "2012.10.14"]

1. e4 c5 2. Nf3 g6 3. c3 Bg7 4. Be2 d5 5. exd5 Qxd5 6. O-O Nc6 7. Na3 Bg4 8.
Nc2 Qd6 9. Ne3 Bxf3 10. Bxf3 e6 11. g3 Nge7 12. Qe2 a6 13. Nc4 Qc7 14. d3 O-O
15. Re1 Nd5 16. Bg2 b5 17. Nd2 Rad8 18. Ne4 Nce7 19. h4 Nf6 20. Ng5 Qd7 21. Rd1
h6 22. Nf3 Nc6 23. Be3 Qe7 24. Rac1 Nd5 25. Bd2 Rd7 26. b3 Nb6 27. Nh2 Rc8 28.
Re1 Qd8 29. Bf1 Ne7 30. Ng4 Nf5 31. Qf3 c4 32. bxc4 bxc4 33. d4 Nd5 34. Qe4 Nd6
35. Qf3 Nf5 36. Qe4 1/2-1/2

[Event "South Island Championships"]
[Site "Dunedin NZL"]
[Date "2012.10.13"]
[Round "8.11"]
[White "Cooper, Nigel"]
[Black "Roberts, Michael H"]
[Result "0-1"]
[WhiteElo "1761"]
[BlackElo "1836"]
[PlyCount "68"]
[EventDate "2012.10.14"]

1. e3 d5 2. d4 Nf6 3. Bd3 g6 4. Nf3 Bg7 5. O-O O-O 6. Nbd2 Nbd7 7. b4 Re8 8.
Bb2 Nb6 9. Qe2 Na4 10. Rab1 Nxb2 11. Rxb2 c6 12. c4 a5 13. bxa5 Rxa5 14. c5 Nd7
15. Nb3 Ra7 16. h3 e5 17. dxe5 Nxe5 18. Nxe5 Bxe5 19. Rd2 d4 20. e4 Bf4 21. Rc2
Ra4 22. Rd1 Be6 23. g3 Bc7 24. Kg2 Qd7 25. Rh1 f5 26. f3 fxe4 27. fxe4 Bd5 28.
Bc4 Rxc4 29. Rxc4 Bxe4+ 30. Kg1 Bxh1 31. Qd3 Qxh3 32. Rc2 Re1+ 33. Kf2 Bxg3+
34. Qxg3 Qf1# 0-1

[Event "South Island Championships"]
[Site "Dunedin NZL"]
[Date "2012.10.13"]
[Round "8.12"]
[White "Nijman, Arie J"]
[Black "Nicholls, Leighton"]
[Result "0-1"]
[WhiteElo "1820"]
[BlackElo "1686"]
[PlyCount "96"]
[EventDate "2012.10.14"]

1. e4 e5 2. Nf3 Nc6 3. d4 exd4 4. Bc4 Bb4+ 5. c3 dxc3 6. O-O d6 7. a3 Bc5 8. b4
Bb6 9. Nxc3 Be6 10. Nd5 Nge7 11. Bb2 O-O 12. Qc2 Qd7 13. Rad1 f6 14. Qb3 Bxd5
15. Bxd5+ Nxd5 16. exd5 Ne5 17. Rfe1 Qg4 18. Nd4 Bxd4 19. Rxd4 Qd7 20. h3 Rfe8
21. Rde4 Ng6 22. Qc2 Rxe4 23. Qxe4 Ne5 24. f4 Ng6 25. g4 Kf8 26. Qf3 Re8 27.
Rc1 Qe7 28. Kf2 Nxf4 29. Bc3 Nxd5 30. Re1 Qf7 31. Rxe8+ Kxe8 32. Bd4 a6 33. Qf5
Ne7 34. Qe4 Qa2+ 35. Ke1 Qxa3 36. Qxb7 Qxh3 37. Qxa6 Qxg4 38. Qa8+ Kf7 39. Bc3
f5 40. Kd2 Qf4+ 41. Kd1 h5 42. Qa2+ d5 43. Bd2 Qf1+ 44. Be1 Qf3+ 45. Kc1 Qf4+
46. Kd1 h4 47. b5 h3 48. Qa3 h2 0-1

[Event "South Island Championships"]
[Site "Dunedin NZL"]
[Date "2012.10.13"]
[Round "8.13"]
[White "Rains, Timothy"]
[Black "Clarkson, Robert D"]
[Result "1-0"]
[WhiteElo "1731"]
[BlackElo "1573"]
[PlyCount "133"]
[EventDate "2012.10.14"]

1. d4 Nf6 2. c4 e6 3. Nc3 Be7 4. Bf4 b6 5. Nf3 Bb7 6. e3 O-O 7. Be2 d6 8. O-O
Nbd7 9. h3 h6 10. Bg3 Rc8 11. Qa4 Ra8 12. Rfd1 Nb8 13. Rac1 Bc6 14. Qc2 Nbd7
15. e4 Ne8 16. Ne1 f5 17. d5 exd5 18. exd5 Bb7 19. Bd3 g6 20. Nf3 Nc5 21. Nd4
Ng7 22. Nce2 Bg5 23. Bf4 Bxf4 24. Nxf4 Qg5 25. g3 Rae8 26. b4 Qf6 27. Nb5 Na6
28. Qd2 Rf7 29. Nxa7 Nb8 30. Re1 Ree7 31. Re2 Nd7 32. Rce1 Ne5 33. Re3 g5 34.
Rf1 gxf4 35. gxf4 Ng6 36. Rg3 Nh5 37. Rg2 Kf8 38. Qd1 Nhxf4 39. Rg3 h5 40. Kh2
Nxd3 41. Qxd3 Nf4 42. Qf3 Ng6 43. Qxh5 Rh7 44. Qxg6 Qxg6 45. Rxg6 Ref7 46. Kg3
f4+ 47. Kg4 b5 48. cxb5 Bxd5 49. a4 Be4 50. Rg5 Bg2 51. Rg1 Bxh3+ 52. Kf3 Bf5
53. Nc6 Rh3+ 54. Ke2 Bd3+ 55. Kd2 Bh7 56. a5 Rd3+ 57. Ke2 f3+ 58. Ke1 Rb3 59.
a6 Rf4 60. R1g4 Rb1+ 61. Kd2 Rf6 62. a7 Rb2+ 63. Ke3 Re2+ 64. Kd4 Rd2+ 65. Kc3
Rc2+ 66. Kb3 Rc1 67. a8=Q+ 1-0

[Event "South Island Championships"]
[Site "Dunedin NZL"]
[Date "2012.10.13"]
[Round "8.14"]
[White "Van Rooyen, Carlssen"]
[Black "Smith, Vivian J"]
[Result "0-1"]
[WhiteElo "1180"]
[BlackElo "1737"]
[PlyCount "106"]
[EventDate "2012.10.14"]

1. e4 d6 2. Nf3 Nf6 3. d4 Nxe4 4. Nbd2 Nf6 5. b3 g6 6. Bd3 Bg7 7. Bb2 O-O 8.
O-O c6 9. c4 Nbd7 10. Qc2 b6 11. Rfe1 Bb7 12. Rac1 Rc8 13. Ba3 c5 14. d5 b5 15.
b4 cxb4 16. Bxb4 Nxd5 17. Qb3 Nxb4 18. Qxb4 Nc5 19. Qa3 Nxd3 20. Qxd3 bxc4 21.
Nxc4 Ba6 22. Qb3 Bxc4 23. Rxc4 Rxc4 24. Qxc4 d5 25. Qc5 e6 26. Qxa7 Qa8 27.
Qxa8 Rxa8 28. Re2 Bf6 29. Ne1 Rb8 30. g3 Rb1 31. Kg2 Ra1 32. Nd3 Kg7 33. Nb4
Bc3 34. Nd3 h5 35. Rc2 Bd4 36. h4 Kf6 37. f4 Kf5 38. Kf3 Kf6 39. Nb4 Bb6 40.
Nd3 Rd1 41. Nf2 Bxf2 42. Rxf2 Rd3+ 43. Kg2 Ra3 44. Rd2 Kf5 45. Re2 Kg4 46. Rd2
Rxg3+ 47. Kf2 Ra3 48. Kg1 Kxf4 49. Rf2+ Ke4 50. Rxf7 Rxa2 51. Rf6 e5 52. Rxg6
d4 53. Rg5 d3 0-1

[Event "South Island Championships"]
[Site "Dunedin NZL"]
[Date "2012.10.13"]
[Round "8.15"]
[White "Clayton, Ben"]
[Black "Stevenson, Michael"]
[Result "1-0"]
[WhiteElo "1329"]
[BlackElo "1503"]
[PlyCount "92"]
[EventDate "2012.10.14"]

1. d4 Nf6 2. c4 e5 3. e3 exd4 4. exd4 d5 5. Nf3 Bg4 6. h3 Qe7+ 7. Qe2 Bxf3 8.
Qxe7+ Bxe7 9. gxf3 dxc4 10. Bxc4 Nbd7 11. Rg1 g6 12. Nc3 Bf8 13. Bf4 c6 14.
O-O-O Bg7 15. Be5 Nb6 16. Bb3 Rd8 17. Bc7 Rd7 18. Rge1+ Kf8 19. Bxb6 Bh6+ 20.
Kb1 axb6 21. d5 Kg7 22. dxc6 bxc6 23. Rxd7 Nxd7 24. Re7 Nc5 25. Rxf7+ Kg8 26.
Rc7+ Nxb3 27. axb3 c5 28. Rb7 Bf8 29. Rxb6 Kg7 30. Rc6 Kh6 31. Ne4 Be7 32. Nxc5
Rf8 33. Rc7 Bd6 34. Rc6 Be7 35. b4 Rxf3 36. b5 Rxh3 37. b6 Bxc5 38. Rxc5 Rb3
39. Rc6 Rb5 40. Kc2 Kg5 41. Kc3 Kg4 42. b4 g5 43. Kc4 Re5 44. b7 Re4+ 45. Kb3
Re8 46. Rc8 Re2 1-0

[Event "South Island Championships"]
[Site "Dunedin NZL"]
[Date "2012.10.14"]
[Round "9.5"]
[White "Koop, Thorben"]
[Black "Johnson, Quentin J F"]
[Result "1-0"]
[WhiteElo "2165"]
[BlackElo "2102"]
[PlyCount "55"]
[EventDate "2012.10.14"]

1. Nf3 d5 2. g3 c5 3. Bg2 Nf6 4. O-O Nc6 5. d4 Bf5 6. c4 e6 7. Nc3 Be7 8. dxc5
d4 9. Na4 Ne4 10. b4 g5 11. Bb2 Bf6 12. b5 g4 13. bxc6 gxf3 14. exf3 Nc3 15.
Bxc3 dxc3 16. cxb7 c2 17. Qxd8+ Rxd8 18. Rac1 Kd7 19. f4 Kc7 20. c6 Bd4 21.
Rfe1 Rd6 22. Be4 Be3 23. fxe3 Bxe4 24. Nc3 Bd3 25. Nb5+ Kxc6 26. Nxd6 Kxd6 27.
Red1 cxd1=Q+ 28. Rxd1 1-0

[Event "South Island Championships"]
[Site "Dunedin, NZL"]
[Date "2012.10.14"]
[Round "9.1"]
[White "Lane, Gary W"]
[Black "Dowden, R. Anthony"]
[Result "1-0"]
[WhiteElo "2391"]
[BlackElo "2107"]
[PlyCount "51"]
[EventDate "2012.10.14"]

1. e4 e6 2. d4 d5 3. Nd2 a6 4. Ngf3 Nf6 5. Bd3 c5 6. c3 Nc6 7. O-O cxd4 8. cxd4
dxe4 9. Nxe4 Be7 10. a3 O-O 11. Be3 Bd7 12. Rc1 g6 13. Nc5 b5 14. Bh6 Re8 15.
h3 Bc8 16. Bb1 Qd6 17. Qd2 Nd5 18. Rfe1 Bf6 19. Ne4 Qd7 20. Nxf6+ Nxf6 21. Qg5
Nd5 22. Be4 Nce7 23. Ne5 Qd8 24. Ng4 Ra7 25. Bxd5 Nxd5 26. Qxd5 1-0

[Event "South Island Championships"]
[Site "Dunedin, NZL"]
[Date "2012.10.14"]
[Round "9.2"]
[White "Johansen, Darryl K"]
[Black "Milligan, Helen"]
[Result "1-0"]
[WhiteElo "2446"]
[BlackElo "1969"]
[PlyCount "75"]
[EventDate "2012.10.14"]

1. Nf3 Nf6 2. c4 g6 3. Nc3 Bg7 4. d4 d6 5. e4 O-O 6. Be2 Nbd7 7. O-O e5 8. d5
Nc5 9. Qc2 a5 10. Bg5 h6 11. Be3 Ne8 12. Nd2 f5 13. exf5 gxf5 14. f4 e4 15. Nb3
Nxb3 16. axb3 Bd7 17. Qd2 b6 18. Nd1 Nf6 19. Bd4 Qe8 20. Ne3 Qg6 21. Rfd1 Kh7
22. Bc3 Rg8 23. Kh1 h5 24. Qe1 Qh6 25. Qh4 Raf8 26. Rf1 Kg6 27. b4 axb4 28.
Bxb4 Ne8 29. Bc3 Bxc3 30. bxc3 Rh8 31. Nc2 Kf7 32. Ra7 Kg6 33. Nd4 Rf6 34. Rfa1
Kf7 35. Rb7 Bc8 36. Rb8 Bd7 37. Raa8 Ke7 38. Rd8 1-0

[Event "South Island Championships"]
[Site "Dunedin, NZL"]
[Date "2012.10.14"]
[Round "9.3"]
[White "Chan, Peng Kong"]
[Black "Wansink, Robert"]
[Result "1/2-1/2"]
[WhiteElo "2245"]
[BlackElo "2244"]
[PlyCount "26"]
[EventDate "2012.10.14"]

1. d4 Nf6 2. c4 c5 3. d5 b5 4. cxb5 a6 5. bxa6 g6 6. Nc3 Bxa6 7. Nf3 d6 8. g3
Bg7 9. Bg2 O-O 10. Rb1 Qa5 11. O-O Nbd7 12. Bd2 Rfb8 13. b3 Rb7 1/2-1/2

[Event "South Island Championships"]
[Site "Dunedin, NZL"]
[Date "2012.10.14"]
[Round "9.4"]
[White "Lukey, Stephen G"]
[Black "Smith, Robert W"]
[Result "1/2-1/2"]
[WhiteElo "2236"]
[BlackElo "2214"]
[PlyCount "39"]
[EventDate "2012.10.14"]

1. d4 Nf6 2. c4 e6 3. Nf3 Bb4+ 4. Bd2 Qe7 5. g3 Nc6 6. Bg2 Bxd2+ 7. Nbxd2 d6 8.
O-O O-O 9. e4 e5 10. d5 Nb8 11. b4 a5 12. a3 Na6 13. Qb3 c6 14. Rfc1 Bd7 15.
Ne1 axb4 16. axb4 c5 17. b5 Nb4 18. Ra4 Rxa4 19. Qxa4 h5 20. Nef3 1/2-1/2

[Event "South Island Championships"]
[Site "Dunedin, NZL"]
[Date "2012.10.14"]
[Round "9.6"]
[White "Fraemohs, Peter"]
[Black "Black, Ross"]
[Result "1-0"]
[WhiteElo "1967"]
[BlackElo "1821"]
[PlyCount "63"]
[EventDate "2012.10.14"]

1. d4 d5 2. Nc3 Nf6 3. Bg5 e6 4. Nf3 Be7 5. e3 O-O 6. h4 Nbd7 7. Bd3 h6 8. Ne5
Nh7 9. Bxe7 Qxe7 10. g4 Nxe5 11. dxe5 g6 12. f4 f5 13. Qf3 c6 14. O-O-O Rf7 15.
Rdg1 Rg7 16. Ne2 Bd7 17. gxf5 exf5 18. Nd4 Nf8 19. h5 g5 20. Bxf5 gxf4 21. exf4
Kh8 22. Bxd7 Qxd7 23. f5 Nh7 24. Rg6 Rag8 25. Qf4 Ng5 26. Rxh6+ Rh7 27. Rg6 Ne4
28. Rhg1 Rxg6 29. hxg6 Rh3 30. f6 Qe8 31. g7+ Kg8 32. f7+ 1-0

[Event "South Island Championships"]
[Site "Dunedin, NZL"]
[Date "2012.10.14"]
[Round "9.7"]
[White "Jackson, L. Ross"]
[Black "Roberts, Michael H"]
[Result "1-0"]
[WhiteElo "1974"]
[BlackElo "1836"]
[PlyCount "63"]
[EventDate "2012.10.14"]

1. d4 Nf6 2. c4 g6 3. Nc3 d5 4. cxd5 Nxd5 5. e4 Nxc3 6. bxc3 Bg7 7. Bc4 O-O 8.
Ne2 c5 9. Be3 Nc6 10. O-O cxd4 11. cxd4 Bg4 12. f3 Na5 13. Bd3 Be6 14. d5 Bxa1
15. Qxa1 Re8 16. h4 Bd7 17. h5 e5 18. dxe6 Bxe6 19. Rd1 Nc6 20. hxg6 fxg6 21.
Nf4 Qe7 22. Nxe6 Qxe6 23. Bc2 Qe5 24. Bb3+ Kg7 25. Rd7+ Kh8 26. Qxe5+ Rxe5 27.
Rxb7 Rc8 28. Bd5 Ree8 29. Bg5 Rf8 30. Bh6 Rg8 31. Bc1 Rge8 32. Bb2+ 1-0

[Event "South Island Championships"]
[Site "Dunedin, NZL"]
[Date "2012.10.14"]
[Round "9.8"]
[White "Rains, Edward"]
[Black "Duffield, Terence"]
[Result "1/2-1/2"]
[WhiteElo "1881"]
[BlackElo "1668"]
[PlyCount "38"]
[EventDate "2012.10.14"]

1. e4 e5 2. Nf3 Nc6 3. d4 exd4 4. Bc4 Nf6 5. e5 Ne4 6. Bd5 Bb4+ 7. Nbd2 Nxd2 8.
Bxd2 O-O 9. O-O Bxd2 10. Qxd2 d6 11. Nxd4 Nxd4 12. Qxd4 dxe5 13. Qxe5 Re8 14.
Qh5 Qe7 15. h3 c6 16. Bb3 Qf6 17. c3 Be6 18. Bxe6 Rxe6 19. Rad1 Rd8 1/2-1/2

[Event "South Island Championships"]
[Site "Dunedin, NZL"]
[Date "2012.10.14"]
[Round "9.9"]
[White "Brockway, Andrew"]
[Black "Aimers, Geoffrey"]
[Result "1/2-1/2"]
[WhiteElo "1798"]
[BlackElo "1876"]
[PlyCount "58"]
[EventDate "2012.10.14"]

1. e4 c6 2. d4 d5 3. exd5 Qxd5 4. c4 Qe4+ 5. Be3 Bf5 6. Nc3 Qc2 7. Qxc2 Bxc2 8.
Nf3 e6 9. Be2 Nf6 10. Rc1 Bf5 11. h3 Bb4 12. O-O O-O 13. Nh4 Nbd7 14. Nxf5 exf5
15. Bf3 Nb6 16. a3 Bxc3 17. Rxc3 Rad8 18. Rd1 Ne4 19. Rc2 Rd7 20. g3 Re8 21. d5
cxd5 22. Bxb6 axb6 23. cxd5 Red8 24. Bxe4 fxe4 25. Rcd2 Rd6 26. Kf1 f5 27. Ke2
Kf7 28. f3 exf3+ 29. Kxf3 Kf6 1/2-1/2

[Event "South Island Championships"]
[Site "Dunedin, NZL"]
[Date "2012.10.14"]
[Round "9.10"]
[White "Nicholls, Leighton"]
[Black "Gloistein, Bruce"]
[Result "1/2-1/2"]
[WhiteElo "1816"]
[BlackElo "1690"]
[PlyCount "49"]
[EventDate "2012.10.14"]

1. e4 e6 2. d4 d6 3. Nf3 Nd7 4. Nc3 Be7 5. Bc4 c6 6. O-O d5 7. exd5 cxd5 8. Bd3
Ngf6 9. Bf4 a6 10. Re1 O-O 11. Ne2 Nh5 12. c3 Nxf4 13. Nxf4 Nf6 14. Qc2 g6 15.
Qd2 Kg7 16. Ne2 Ne4 17. Qc2 f5 18. Rac1 Bd7 19. Nd2 Rc8 20. Bxe4 fxe4 21. f3
Bd6 22. fxe4 Bxh2+ 23. Kxh2 Qh4+ 24. Kg1 Qf2+ 25. Kh1 1/2-1/2

[Event "South Island Championships"]
[Site "Dunedin, NZL"]
[Date "2012.10.14"]
[Round "9.11"]
[White "Gold, Hamish R"]
[Black "Dolejs, Dan"]
[Result "0-1"]
[WhiteElo "1816"]
[BlackElo "1878"]
[PlyCount "102"]
[EventDate "2012.10.14"]

1. d4 d5 2. Nf3 Nf6 3. Bf4 g6 4. Nc3 c6 5. Qd2 Bg7 6. Bh6 Bxh6 7. Qxh6 Bf5 8.
Qd2 Nbd7 9. e3 O-O 10. Bd3 Bg4 11. Ne5 Nxe5 12. dxe5 Nd7 13. h3 Be6 14. f4 Nc5
15. O-O Nxd3 16. cxd3 b5 17. Qf2 a5 18. Qh4 d4 19. Ne4 dxe3 20. Qh6 f6 21. f5
Bxf5 22. Rxf5 gxf5 23. Ng3 fxe5 24. Qg5+ Kh8 25. Nh5 Rf7 26. Qxe3 Qd4 27. Qxd4
exd4 28. Rc1 Rc8 29. Rc5 h6 30. Kf2 Kh7 31. Nf4 Rf6 32. Re5 Rc7 33. Ne6 Rxe6
34. Rxe6 c5 35. b3 a4 36. Kf3 c4 37. bxc4 bxc4 38. dxc4 Kg7 39. Ke2 Kf7 40.
Rxh6 Rxc4 41. Kd3 Rb4 42. Ra6 e5 43. Ra7+ Kf6 44. h4 e4+ 45. Kd2 f4 46. Ra6+
Kf5 47. h5 d3 48. h6 Rb2+ 49. Kd1 Rxg2 50. h7 e3 51. Rf6+ Kg4 0-1

[Event "South Island Championships"]
[Site "Dunedin, NZL"]
[Date "2012.10.14"]
[Round "9.13"]
[White "Stevenson, Michael"]
[Black "Lyall, Simon"]
[Result "0-1"]
[WhiteElo "1503"]
[BlackElo "1777"]
[PlyCount "42"]
[EventDate "2012.10.14"]

1. e4 e5 2. Nf3 Nf6 3. Nxe5 d6 4. Nf3 Nxe4 5. Bd3 d5 6. O-O Bc5 7. Qe2 Qe7 8.
Bxe4 dxe4 9. Ne1 O-O 10. Nc3 Bf5 11. d3 Re8 12. dxe4 Bxe4 13. Nxe4 Qxe4 14.
Qxe4 Rxe4 15. Nf3 Re2 16. Bf4 Bb6 17. Rad1 Nc6 18. Rd2 Rae8 19. Rxe2 Rxe2 20.
Rc1 Rxf2 21. Bxc7 Rxc2+ 0-1

[Event "South Island Championships"]
[Site "Dunedin, NZL"]
[Date "2012.10.14"]
[Round "9.12"]
[White "Smith, Vivian J"]
[Black "Rains, Timothy"]
[Result "1-0"]
[WhiteElo "1737"]
[BlackElo "1731"]
[PlyCount "163"]
[EventDate "2012.10.14"]

1. e4 c5 2. Nc3 Nc6 3. f4 g6 4. Nf3 Bg7 5. Bb5 e6 6. Bxc6 bxc6 7. O-O d5 8. d3
Ne7 9. Qe1 O-O 10. Bd2 Ba6 11. e5 c4 12. d4 Rb8 13. Rb1 Bc8 14. Na4 f6 15. Nc5
fxe5 16. fxe5 Nf5 17. c3 Qe7 18. Qe2 Rf7 19. Ng5 Rf8 20. Nf3 Bd7 21. Bg5 Qe8
22. Bd2 Nh6 23. Ng5 Qe7 24. Rxf8+ Rxf8 25. Rf1 Rxf1+ 26. Qxf1 Bc8 27. Qe2 Nf7
28. Nf3 Qc7 29. h3 Qa5 30. b3 cxb3 31. axb3 Qa2 32. Qe1 Bf8 33. b4 Be7 34. Qc1
a5 35. bxa5 Qxa5 36. Nd3 Qc7 37. Qe1 c5 38. Kh2 c4 39. Nc1 Qa5 40. Ne2 Qa3 41.
Qb1 Qa7 42. Qc1 Qa2 43. Ng3 Bd7 44. h4 Kg7 45. h5 Qa8 46. Kg1 Qd8 47. hxg6 hxg6
48. Qd1 Qh8 49. Nf1 Nh6 50. N1h2 Nf5 51. Bg5 Bxg5 52. Nxg5 Qh6 53. Nhf3 Qh5 54.
Qe1 Qh6 55. Qb1 Qh8 56. Qb7 Qe8 57. Qa7 Kh6 58. Qb7 Ne3 59. Qb1 Ng4 60. Qc1 Kg7
61. Qa1 Qb8 62. Qc1 Qb3 63. Nh2 Nxh2 64. Kxh2 Qb8 65. Qf1 Qf8 66. Qxf8+ Kxf8
67. Kg3 Kg7 68. Kg4 Bc8 69. Nh3 Bd7 70. Kg5 Be8 71. Nf4 Bf7 72. g3 Bg8 73. Nxg6
Bf7 74. Nf4 Bg8 75. Nh5+ Kf7 76. Kh6 Kf8 77. Nf6 Bf7 78. g4 Ke7 79. g5 Kf8 80.
g6 Bg8 81. Nd7+ Ke7 82. Kg7 1-0

[Event "South Island Championships"]
[Site "Dunedin, NZL"]
[Date "2012.10.14"]
[Round "9.14"]
[White "Clarkson, Robert D"]
[Black "Clayton, Ben"]
[Result "1-0"]
[WhiteElo "1573"]
[BlackElo "1329"]
[PlyCount "57"]
[EventDate "2012.10.14"]

1. Nf3 d5 2. d4 Nf6 3. g3 Bf5 4. Nbd2 Nc6 5. c3 e6 6. h3 Bd6 7. Bg2 Qd7 8. e4
dxe4 9. Nh4 e3 10. Nxf5 exd2+ 11. Bxd2 exf5 12. Qf3 O-O-O 13. O-O-O Ne4 14. a3
Na5 15. c4 Nb3+ 16. Qxb3 c6 17. Be3 Qc7 18. c5 Bf8 19. Rhf1 g6 20. Bf4 Qd7 21.
Bf3 Bg7 22. Be2 g5 23. Be3 Qe6 24. Bc4 Qe8 25. Qa4 a6 26. Qb3 f6 27. h4 g4 28.
Bf4 Qe7 29. Qb6 1-0

[Event "South Island Championships"]
[Site "Dunedin, NZL"]
[Date "2012.10.14"]
[Round "9.15"]
[White "Nijman, Arie J"]
[Black "Van Rooyen, Carlssen"]
[Result "1-0"]
[WhiteElo "1820"]
[BlackElo "1180"]
[PlyCount "51"]
[EventDate "2012.10.14"]

1. e4 e5 2. Nf3 Nc6 3. d4 exd4 4. Bc4 h6 5. O-O Bc5 6. c3 Nf6 7. cxd4 Bb6 8. d5
Ne7 9. e5 Ne4 10. Qc2 Nxf2 11. Rxf2 Bxf2+ 12. Kxf2 d6 13. e6 fxe6 14. dxe6 b6
15. Nc3 Bb7 16. Be3 Bxf3 17. gxf3 O-O 18. Rg1 Kh8 19. Qe4 Qe8 20. Nd5 Nxd5 21.
Bxd5 Rc8 22. Bd4 Rg8 23. e7 c5 24. Bxg8 Kxg8 25. Rxg7+ Kh8 26. Qh7# 1-0